000 00290nam a22001337a 4500
008 170306b xxu||||| |||| 00| 0 eng d
020 _a9780683302646
041 _aeng
080 _210TH
_a611
100 _a6
101 _aSHM
245 _aATLAS OF ANATOMY
_cAGUR, A.M.R
942 _2udc
_cBK
999 _c6856
_d6856